<The> brave new world of central banking: the policy challenges posed by asset price booms and busts
Guardado en:
| Autor principal: | |
|---|---|
| Formato: | Libro |
| Lenguaje: | inglés |
| Publicado: |
Praha
Czech National Bank
2005
|
| Colección: | Working paper series
14/2005 |
| Materias: | |
| Etiquetas: |
Sin Etiquetas, Sea el primero en etiquetar este registro!
|
MARC
| LEADER | 00000nam$a2200000$$$4500 | ||
|---|---|---|---|
| 001 | 0052242 | ||
| 005 | 20240503084916.9 | ||
| 041 | 0 | |a eng | |
| 044 | |a CZ | ||
| 245 | 1 | 0 | |a <The> brave new world of central banking: the policy challenges posed by asset price booms and busts |c Stephen G. Cecchetti |
| 264 | 1 | |a Praha |b Czech National Bank |c 2005 | |
| 300 | |a 22 s. | ||
| 490 | 1 | |a Working paper series |v 14/2005 | |
| 830 | 0 | |a Working paper series |v 14/2005 | |
| 610 | 2 | 0 | |a banky centrálne |
| 610 | 2 | 0 | |a politika |
| 610 | 2 | 0 | |a ceny |
| 610 | 2 | 0 | |a blahobyt |
| 610 | 2 | 0 | |a majetok |
| 610 | 2 | 0 | |a vlastníctvo |
| 610 | 2 | 0 | |a výskum |
| 100 | 1 | |a Cecchetti, Stephen G. | |